Statistics for Historical Figures by Letter - A

Click here to take the quiz!

General Stats

  • This quiz has been taken 339 times
  • The average score is 12 of 20

Answer Stats

HintFigure% Correct
First man on the MoonNeil Armstrong
98%
Macedonian conqueror of PersiaAlexander
94%
Philosopher who tutored the aboveAristotle
91%
First Roman emperorAugustus
83%
Notable hunAttila
81%
2nd President of the U.S.John Adams
81%
Greek inventor who cried "Eureka!"Archimedes
79%
"Pride and Prejudice" authorJane Austen
76%
Queen portrayed in
"The Favourite"
Anne
70%
Founding father of the
modern Turkey
Mustafa Kemal
Atatürk
70%
Exiled Ugandan dictatorIdi Amin
64%
First person to reach the South PoleRoald Amundsen
63%
Man who was either the first
or fourth caliph
Ali
54%
"Divine Comedy" authorDante Alighieri
50%
UN Secretary General, 1997-2006Kofi Annan
45%
Longest-serving Japanese P.M.Shinzo Abe
42%
Saintly author of "Confessions"Augustine of Hippo
33%
Chancellor who rebuilt
West Germany, 1949-1963
Konrad Adenauer
29%
Italian priest whose philosophical
school is called "Thomism"
Thomas Aquinas
26%
First king of PortugalAlfonso
18%

Score Distribution

Percentile by Number Answered

Percent of People with Each Score

Your Score History

You have not taken this quiz